| 000 | 02483cam a22004574i 4500 | ||
|---|---|---|---|
| 003 | PE-LiUPU | ||
| 005 | 20250731183423.0 | ||
| 008 | 150706s r 000 0 d | ||
| 020 | _a8429121162 | ||
| 020 | _a9788429122169 | ||
| 035 | _a(Sirsi) i9788429121162 | ||
| 040 |
_aPE-LiUPU _bspa _cPE-LiUPU _erda |
||
| 049 | _aPRUA | ||
| 082 | 0 | 4 |
_a720.12 _bM94 _221 |
| 100 | 1 |
_aMuñoz Cosme, Alfonso, _eautor. |
|
| 245 | 1 | 3 |
_aEl proyecto de arquitectura : _bconcepto, proceso y representación / _cAlfonso Muñoz Cosme ; prólogo Gabriel Ruíz Cabrero ; edición Jorge Sainz. |
| 264 | 1 |
_aBarcelona : _bReverté, D.L., _c2008. |
|
| 300 |
_a274 páginas : _bilustraciones ; _c24 centímetros |
||
| 336 |
_atext _2rdacontent |
||
| 337 |
_aunmediated _2rdamedia |
||
| 338 |
_avolume _2rdacarrier |
||
| 490 | 0 |
_aEstucios universitarios de Arquitectura ; _v16 |
|
| 505 | 0 | _aNaturaleza del proyecto -- La historia del proyecto -- Antes de empezar -- Las fuentes del proyecto -- Antes de empezar -- Las fuentes del proyecto -- El proceso de ideación -- De las ideas a las formas -- La elaboración del proyecto -- La representación -- Los caminos del proyecto -- Aprender a proyectar. | |
| 526 | _aP158 | ||
| 526 | _aP146 | ||
| 526 | _aP17 | ||
| 526 | _aP12 | ||
| 526 | _aP06 | ||
| 541 | _g003-001048; | ||
| 541 | _g0020-0001185; | ||
| 650 | 0 | 4 |
_aProyectos arquitectónicos _vTratados, manuales, etc. |
| 910 | _agl20090805 | ||
| 910 |
_ajck _bncf _cncf _d20160926 |
||
| 942 |
_2ddc _cBOOK |
||
| 949 |
_a720.12 M94 _wDEWEY _c1 _i59861 _d2016-10-11 _e2016-10-9 _lCCODEBUL1 _mBUL _n4 _p52.00 _r0 _sY _tBOOK _u2015-7-6 _xINGENIERIA _PP06 _0COMPRA _o.STAFF. Colección General |
||
| 949 |
_a720.12 M94 _wDEWEY _c2 _i74758 _d2016-10-11 _e2016-10-9 _lCCODEBUL1 _mBUL _n1 _p34.88 _r0 _sY _tBOOK _u2016-9-26 _xINGENIERIA _PP06 _0COMPRA _o.STAFF. Colección Ingenieria y Arquitectura |
||
| 994 |
_aC0 _bPEPRU |
||
| 596 | _a1 | ||
| 999 |
_a720.12 M94 _wDEWEY _c49392 _i59861 _d49392 _e2019-8-12 _f2021-11-9 _g7 _lCCODEBUL1 _mBUL _n10 _p52.00 _q1 _r0 _sY _tBOOK _u2015-7-6 _xINGENIERIA _PP06 _0COMPRA _o.STAFF. Colección General |
||
| 999 |
_a720.12 M94 _wDEWEY _c2 _i74758 _d2019-8-13 _e2019-8-12 _f2021-11-9 _g7 _lCCODEBUL1 _mBUL _n7 _p34.88 _q1 _r0 _sY _tBOOK _u2016-9-26 _xINGENIERIA _PP06 _0COMPRA _o.STAFF. Colección Ingenieria y Arquitectura |
||
| 980 |
_81 _gALBERTO SANCHEZ Responsable de Automatización |
||